| 000 | 00565nam a2200229 a 4500 | ||
|---|---|---|---|
| 001 | nice12345678 | ||
| 003 | IN_TiNIC | ||
| 005 | 20260116011438.0 | ||
| 008 | 050524s1965 lona grp 000 0 eng | ||
| 020 |
_a _c100 |
||
| 082 | 0 | 0 |
_a232.3 _bAUL |
| 100 | _aAulen, Gustaf | ||
| 245 |
_aChristus Victor _b an Historical Study of the Three Main Types of the Idea |
||
| 260 |
_aLondon _bSpck _c1965 |
||
| 300 | _a163p | ||
| 500 | _aincludes index and biblioraphy | ||
| 505 | 2 | _aIndex | |
| 650 | _aAtonement | ||
| 902 | _bSRS | ||
| 942 | _cBK | ||
| 999 |
_c1601 _d1601 |
||